Ars Hispaniae (Record no. 7542)

MARC details
000 -CABECERA
campo de control de longitud fija 00928nam a2200265 a 4500
001 - NÚMERO DE CONTROL
campo de control BRCA_7868
005 - FECHA Y HORA DE LA ÚLTIMA TRANSACCIÓN
campo de control 20190320210030.0
008 - DATOS DE LONGITUD FIJA--INFORMACIÓN GENERAL
campo de control de longitud fija 191113s1956----sp-a###f##---#001-0#spa-#
041 ## - CÓDIGO DE LENGUA
Código de lengua del texto/banda sonora o título independiente spa
044 ## - CÓDIGO DEL PAÍS DE LA ENTIDAD EDITORA/PRODUCTORA
Código MARC del país sp
050 #4 - SIGNATURA TOPOGRÁFICA DE LA BIBLIOTECA DEL CONGRESO
Número de clasificación NK4123
Número de documento/Ítem .A77
-- 1956
100 1# - ENTRADA PRINCIPAL--NOMBRE DE PERSONA
Nombre de persona Durán Sanpere, Agustín
9 (RLIN) 19467
245 10 - MENCIÓN DE TÍTULO
Título Ars Hispaniae
Resto del título Escultura gótica
Mención de responsabilidad, etc. Por Agustín Durán Sanpere y Juan Ainaud de Lasarte.
260 ## - PUBLICACIÓN, DISTRIBUCIÓN, ETC.
Lugar de publicación, distribución, etc. Madrid
Nombre del editor, distribuidor, etc. Plus Ultra
Fecha de publicación, distribución, etc. 1956
300 ## - DESCRIPCIÓN FÍSICA
Extensión 409 p.
Otras características físicas il. (algunas a color), 375 láminas
Dimensiones 29 cm.
500 ## - NOTA GENERAL
Nota general Y118
500 ## - NOTA GENERAL
Nota general Ver también AA67, T64 e Y117
504 ## - NOTA DE BIBLIOGRAFÍA, ETC.
Nota de bibliografía, etc. Bibliografía p.391-404
505 0# - NOTA DE CONTENIDO CON FORMATO
Nota de contenido con formato Contenido: V.8. La escultura gótica del siglo XIII. La escultura hispano-flamenca.
650 14 - PUNTO DE ACCESO ADICIONAL DE MATERIA--TÉRMINO DE MATERIA
Término de materia o nombre geográfico como elemento de entrada Pintura gótica
Subdivisión de forma Siglo XIII
Subdivisión geográfica España
9 (RLIN) 19468
650 14 - PUNTO DE ACCESO ADICIONAL DE MATERIA--TÉRMINO DE MATERIA
Término de materia o nombre geográfico como elemento de entrada Escultura hispano-flamenca
Subdivisión de forma Catálogos
Subdivisión geográfica España
9 (RLIN) 19469
700 1# - PUNTO DE ACCESO ADICIONAL--NOMBRE DE PERSONA
Nombre de persona Ainaud de Lasarte, Juan
Término indicativo de función/relación coaut.
9 (RLIN) 19470
902 ## - CATALOGADOR
Iniciales GFM
942 ## - ELEMENTOS DE PUNTO DE ACCESO ADICIONAL (KOHA)
Fuente del sistema de clasificación o colocación Library of Congress Classification
Tipo de ítem Koha Libros
Holdings
Estado de retiro Estado de pérdida Estado dañado No para préstamo Localización permanente Ubicación/localización actual Fecha de adquisición Número de inventario Total de préstamos Signatura topográfica completa Código de barras Fecha visto por última vez Precio válido a partir de Tipo de ítem Koha
El ejemplar forma parte de la colección y puede ser consultado según las políticas vigentes.       Biblioteca del Museo Franz Mayer (Rogerio Casas-Alatriste) Biblioteca del Museo Franz Mayer (Rogerio Casas-Alatriste) 14/11/2013 Y118   NK4123 .A77 1956 (Y118) 8479 22/03/2019 22/03/2019 Libros